Online
Catalog

Ensayos breves sobre política y democracia / (Record no. 50479)

MARC details
000 -CABECERA
campo de control de longitud fija 02104nam a22002777a 4500
003 - IDENTIFICADOR DEL NÚMERO DE CONTROL
campo de control DO-SdBNP
005 - FECHA Y HORA DE LA ÚLTIMA TRANSACCIÓN
campo de control 20260305073959.0
007 - CAMPO FIJO DE DESCRIPCIÓN FÍSICA--INFORMACIÓN GENERAL
campo de control de longitud fija ta
008 - DATOS DE LONGITUD FIJA--INFORMACIÓN GENERAL
campo de control de longitud fija 210913e 2009 dr f 001 e spa d
020 ## - NÚMERO INTERNACIONAL ESTÁNDAR DEL LIBRO
Número Internacional Estándar del Libro 9789945002331
040 ## - FUENTE DE LA CATALOGACIÓN
Centro catalogador/agencia de origen DO-SdBNP
Lengua de catalogación spa
Centro/agencia transcriptor BNPHU
082 #4 - NÚMERO DE LA CLASIFICACIÓN DECIMAL DEWEY
Número de documento/Ítem R282e
Número de clasificación BNPHU
100 1# - ENTRADA PRINCIPAL--NOMBRE DE PERSONA
Nombre de persona Read Vittini, Mario,
Fechas asociadas al nombre 1926-2010
9 (RLIN) 1841
245 10 - MENCIÓN DE TÍTULO
Título Ensayos breves sobre política y democracia /
Mención de responsabilidad, etc. Mario Read Vittini ; edición Cándido Gerón
260 ## - PUBLICACIÓN, DISTRIBUCIÓN, ETC.
Lugar de publicación, distribución, etc. Santo Domingo :
Nombre del editor, distribuidor, etc. Centenario,
Fecha de publicación, distribución, etc. 2009
300 ## - DESCRIPCIÓN FÍSICA
Extensión v. ;
Dimensiones 23 cm
500 ## - NOTA GENERAL
Nota general Incluye datos biográficos del autor en las solapas
500 ## - NOTA GENERAL
Nota general La Bibliioteca posee el v.1
500 ## - NOTA GENERAL
Nota general Incluye índices.
505 ## - NOTA DE CONTENIDO CON FORMATO
Título Presentación.--
-- Introducción.--
-- Nociones preliminares.--
-- La persona humana.--
-- La gente y el pueblo.--
-- El albedrío.--
-- La igualdad.--
-- El civismo.--
-- El estado.--
-- La sociedad civil.--
-- La política.--
-- El objeto de la política.--
-- El bien común.--
-- Política total.--
-- El pluralismo político.--
-- La perspectiva política.--
-- Los mecanismos de la mayoría.--
-- La libertad.--
-- Soberanía e independencia.--
-- El político.--
-- La ley.--
-- el orden.--
-- La satisfacción.--
-- Lo más importante del mundo.--
-- Libertad de expresión, de tránsito y de reunión.--
-- La voluntad política.
505 ## - NOTA DE CONTENIDO CON FORMATO
Título Inconformidad y voluntad de cambio.--
-- La discrepancia.--
-- Los intelectuales y la política.--
-- Religión y política.--
-- Doctrina, programas, planes y proyectos.--
-- La ideología.--
-- La acción política.--
-- Estrategia y táctica.--
-- Logística y economía.--
-- El proceso político.--
-- Información y comunicación (desinformación-contrainformación)
-- Mensajes, metamensajes, slogans y consignas (afiches y graffitis).--
-- Propaganda y agitación (La contra-propaganda)
-- La cortesanía.--
-- Servilismo, sumisión y oportunismo.--
-- Las matemáticas políticas.--
-- El tiempo.--
-- Apoliticidad y neutralidad (El pecado de la abstención).--
-- Índice de obras completa.--
-- Índice onomástico.
590 ## - NOTA LOCAL (RLIN)
Nota local Inventariado 2021 / BT
700 12 - PUNTO DE ACCESO ADICIONAL--NOMBRE DE PERSONA
Nombre de persona Gerón, Candido,
Fechas asociadas al nombre 1948-
Término indicativo de función/relación ed.
9 (RLIN) 3577
910 ## - DATOS DE OPCIÓN DEL USUARIO (OCLC)
Datos de opción del usuario Btavárez
942 ## - ELEMENTOS DE PUNTO DE ACCESO ADICIONAL (KOHA)
Fuente del sistema de clasificación o colocación Dewey Decimal Classification
Tipo de ítem Koha Libro
Holdings
Estado de retiro Estado de pérdida Fuente del sistema de clasificación o colocación No para préstamo Código de colección Localización permanente Ubicación/localización actual Ubicación en estantería Fecha de adquisición Fuente de adquisición Total de préstamos Signatura topográfica completa Código de barras Fecha visto por última vez Número de copia Precio válido a partir de Tipo de ítem Koha
    Dewey Decimal Classification Préstamo en sala Monografías: Libros y Folletos Biblioteca Nacional Pedro Henríquez Ureña Dominicana En catalogación 17.09.2021 Compra   BNPHU DS R282e 2021-26704 17.09.2021 v.1, e.3 17.09.2021 Libro
    Dewey Decimal Classification Préstamo en sala Monografías: Libros y Folletos Biblioteca Nacional Pedro Henríquez Ureña Dominicana En catalogación 17.09.2021 Compra   BNPHU DS R282e 2021-26705 17.09.2021 v.1, e.4 17.09.2021 Libro
    Dewey Decimal Classification Préstamo en sala Monografías: Libros y Folletos Biblioteca Nacional Pedro Henríquez Ureña Dominicana En catalogación 17.09.2021 Compra   BNPHU DS R282e 2021-26706 17.09.2021 v.1, e.5 17.09.2021 Libro
    Dewey Decimal Classification Excluido de préstamo Monografías: Libros y Folletos Biblioteca Nacional Pedro Henríquez Ureña Patrimonio Dominicano Depósito 19.08.2019 Donado por Librería Mateca   BNPHU PD R282e 2021-26412 13.09.2021 v.1 13.09.2021 Libro
    Dewey Decimal Classification Excluido de préstamo Monografías: Libros y Folletos Biblioteca Nacional Pedro Henríquez Ureña Patrimonio Dominicano Depósito 19.08.2019 Donado por Librería Mateca   BNPHU PD R282e 2021-26413 13.09.2021 v.1, e.2 13.09.2021 Libro

Powered by Koha